|
|
|
|
| LEADER |
02162cam a22004211a 4500 |
| 001 |
8510988 |
| 005 |
20151201182431.0 |
| 008 |
130514s2012 bg a 000 0 benod |
| 010 |
|
|
|a 2013331398
|
| 020 |
|
|
|a 9789848855195
|
| 035 |
|
|
|a (IiNdDKA)8510988
|
| 035 |
|
|
|a (OCoLC)843229071
|
| 035 |
|
|
|a 8510988
|
| 040 |
|
|
|a IiNdDKA
|b eng
|c IiNdDKA
|
| 043 |
|
|
|a a-ii---
|a a-bg---
|
| 050 |
|
4 |
|a DS485.B43
|b M85 2012
|
| 066 |
|
|
|c Beng
|
| 082 |
|
|
|a 954.14
|
| 245 |
0 |
0 |
|6 880-01
|a মুক্তির সংগ্রাম /
|c সম্পাদক, আনিসুজ্জামান ; সম্পাদনা পরিষদ, আবদুল মমিন চৌধুরী ; সহযোগী সম্পাদক, সুবলকুমার বণিক, মোবারক হোসেন, দেবাশীষ দেব ; শিল্প সম্পাদক, বীরেন সোম.
|
| 246 |
1 |
|
|i Title on t.p. verso in roman:
|a Muktir sangram
|
| 260 |
|
|
|6 880-02
|a ঢাকা :
|b চন্দ্রাবতী একাডেমী,
|c ২০১৪.
|
| 300 |
|
|
|a ২৫৯ পৃ. :
|b চিত্র ;
|c ২৯ সে.মি..
|
| 520 |
|
|
|a Articles on the history of freedom movements in undivided Bengal, India and Bangladesh, from 1757 to 1971.
|
| 541 |
|
|
|e 8170
|
| 546 |
|
|
|a In Bengali.
|
| 651 |
|
0 |
|a Bengal (India)
|x History.
|9 16569
|
| 651 |
|
0 |
|a Bangladesh
|x History.
|9 16570
|
| 651 |
|
0 |
|a Bengal (India)
|x Politics and government.
|9 16571
|
| 651 |
|
0 |
|a Bangladesh
|x Politics and government.
|9 16572
|
| 700 |
0 |
|
|6 880-03
|a আনিসুজ্জামান.
|9 15746
|
| 700 |
0 |
|
|6 880-04
|a বণিক, সুবলকুমার.
|9 15747
|
| 700 |
0 |
|
|6 880-05
|a হোসেন, মোবারক.
|9 16573
|
| 700 |
0 |
|
|6 880-06
|a দেব, দেবাশীষ.
|9 16574
|
| 700 |
0 |
|
|6 880-07
|a সোম, বীরেন
|d 1948-
|9 15750
|
| 710 |
2 |
|
|6 880-08
|a চন্দ্রাবতী একাডেমী.
|9 15751
|
| 942 |
|
|
|2 ddc
|c BK
|
| 999 |
|
|
|c 36330
|d 36330
|
| 952 |
|
|
|0 0
|1 0
|2 ddc
|4 0
|6 954_140000000000000_MUK
|7 0
|9 57125
|a SCL
|b SCL
|c GEN
|d 2015-12-01
|e Gift:
|l 5
|m 18
|o 954.14 MUK
|p 3020008170
|r 2025-03-24
|s 2025-02-23
|t 1
|w 2015-12-01
|y BK
|